[Event "Titled Tuesday intern op 16th May Late"]
[Site "Chess.com INT"]
[Date "2023.05.16"]
[Round "7"]
[White "Sai, Han Thiha"]
[Black "Magallanes, Rey Jomar"]
[Result "1/2-1/2"]
[WhiteElo "2070"]
[BlackElo "2052"]
[PlyCount "157"]
[EventDate "2023.05.16"]
[EventType "swiss (blitz)"]
[EventRounds "11"]
[EventCountry "USA"]
[SourceTitle "CBM 214 Extra"]
[Source "ChessBase"]
[SourceDate "2023.07.31"]
[SourceVersion "1"]
[SourceVersionDate "2023.07.31"]
[SourceQuality "1"]

1. d4 d5 2. Nf3 Nf6 3. c3 e6 4. Bf4 Bd6 5. e3 Bxf4 6. exf4 Nbd7 7. Nbd2 c5 8. Bd3 0-0 9. 0-0 b6 10. Ne5 Bb7 11. Re1 Rc8 12. Re3 cxd4 13. cxd4 Nxe5 14. fxe5 Nd7 15. Qh5 f5 16. exf6 Nxf6 17. Qe5 Re8 18. Rae1 Kf7 19. Nf3 h6 20. Qg3 Kg8 21. h3 Ne4 22. Qg6 Qf6 23. Qg4 Rcd8 24. R3e2 Bc8 25. Ne5 Qf5 26. Qxf5 exf5 27. Nc6 Rd6 28. Nxa7 Bd7 29. f3 Nf6 30. Rxe8+ Nxe8 31. Bxf5 Bxf5 32. Rxe8+ Kf7 33. Re5 Bd7 34. b3 b5 35. a4 bxa4 36. bxa4 Bxa4 37. Nc8 Rc6 38. Ne7 Rc4 39. Nf5 Rc1+ 40. Kh2 Bb3 41. g4 Kf6 42. h4 Rd1 43. f4 Rd2+ 44. Kg3 Rd3+ 45. Kf2 g6 46. g5+ hxg5 47. fxg5+ Kf7 48. Nd6+ Kf8 49. Re8+ Kg7 50. Re7+ Kf8 51. Re6 Rxd4 52. Rxg6 Rf4+ 53. Kg3 Rf1 54. Nb5 Kf7 55. Rd6 Bc4 56. Nd4 Rd1 57. Nf5 Rd3+ 58. Kf4 Rd1 59. Rf6+ Kg8 60. h5 Rf1+ 61. Ke5 Re1+ 62. Kd6 d4 63. Nxd4 Rd1 64. Kc5 Bd3 65. Ne6 Rc1+ 66. Kd4 Bb5 67. g6 Rc8 68. h6 Rc4+ 69. Kd5 Rc8 70. Rf7 Bc4+ 71. Ke5 Re8 72. Rf6 Bb3 73. Kf5 Bc2+ 74. Kg5 Bxg6 75. Rxg6+ Kh7 76. Rg7+ Kh8 77. Nf4 Re5+ 78. Kf6 Rf5+ 79. Kxf5 1/2-1/2